000 00357 a2200169 4500
001 186568
020 _a85-11-30003-1
040 _cMagnum
100 _aLobato, Monteiro
240 1 0 _aPedrinho e o saci
_lpor
245 1 0 _aPedrinho e o saci
300 _a22
362 0 _a1999
440 1 _aBrasiliense
697 _aLITERATURA INFANTO
942 _cBK
999 _c186568
_d186568